000 00375nam a2200157Ia 4500
008 230711s9999||||xx |||||||||||||| ||und||
020 _a978-93-325-5044-5
041 _aENG
082 _a621
_bGR-E
100 _aGriffths,David J
245 0 _aIntroduction to electrodynamics
250 _a4th Ed.
260 _c2016
_aNew Delhi
_bPearson
650 _aPhysics
942 _cBK
999 _c1430
_d1430